00628nam a2200121Ia 4500008004100000020001800041100008300059245015300142260002700295650002000322650012100342856004300463171212s9999 xx 000 0 und d a9780833030825 aCaulkins, Jonathan P.;Pacula, Rosalie Liccardo;Paddock, Susan M.;Chiesa, James cCaulkins, Jonathan P.;Pacula, Rosalie Liccardo;Paddock, Susan M.;Chiesa, JamesaSchool-Based Drug PreventionbWhat Kind of Drug Use Does It Prevent? bRAND Corporationc2002 aHealth Sciences aStudents -- Drug use -- United States; Youth -- Drug use -- United States; Drug abuse -- United States -- Prevention uwww.jstor.org/stable/10.7249/mr1459rwj